NRW nach Buchstabe - J - Statistiken

Allgemein
  • Dieses Quiz wurde 37 mal gespielt
  • Das Durchschnittsergebnis liegt bei 5 aus 14
Antwortstatistiken
Hinweis Antwort % Korrekt
Rheinische Form des Namens Joseph (Heynckes, Derwall, Lied von BAP) Jupp
82%
Rur-Stadt im Kreis Düren mit Renaissance-Schloss und bekanntem Forschungsinstitut Jülich
82%
Hauptmusikrichtung des Moers Festivals Jazz
79%
In Köln existiert die älteste nachgewiesene Gemeinde dieser Religion nördlich der Alpen seit spätestens 321 Judentum
56%
Fohlen-Maskottchen von Borussia Mönchengladbach Jünter
41%
Fußballer, der zwischen 2008 und 2024 bei Borussia Mönchengladbach in der Verteidigung spielte Tony Jantschke
38%
Nördlichster Stadtteil von Bielefeld Jöllenbeck
29%
Stadt zwischen Mönchengladbach und Grevenbroich mit Schloss Dyck Jüchen
29%
Novelle der westfälischen Schriftstellerin Annette von Droste-Hülshoff Judenbuche
26%
Großes Kulturfestival und Cosplay-Treffen in Düsseldorf Japantag
24%
Veranstaltungshalle am Westpark in Bochum Jahrhunderthalle
18%
Pop-Musikfestival, welches jährlich im Dortmunder Westfalenpark stattfindet Juicy Beats
18%
Evangelische Stadtkirche in Düsseldorf Johanniskirche
6%
Kölscher Ausdruck für einen Spaß oder Scherz Jöckes
3%
Keine übereinstimmenden Quizze gefunden
Verteilung der Resultate
Anzahl Personen mit jedem Resultat
Perzentil nach korrekt beantworteten Fragen
Ihre Resultats-Entwicklung
Sie haben dieses Quiz noch nicht gespielt